000 01449nam a22002297a 4500
999 _c58467
_d58467
003 Ge_BSU
005 20220324150348.0
008 220324s2020 ge ||||| |||| 00| 0 geo d
020 _a9789941970207
041 _ageo
080 _a726:27.523.4(=353.1) ბ-18
245 _aბაიბურთის ძეგლების 2019 წლის საკვლევი ექსპედიციის ანგარიში /
_c[ავტორთა ჯგუფი: თ. ხუციშვილი, ბ. გოზალიშვილი, ა. იმედაშვილი, შ. კოღუაშვილი [და სხვა]].
264 _aთბილისი :
_bკავკასიის უნივერსიტეტის გამომცემლობა,
_c2020.
300 _a120 გვ. :
_bფოტ. ;
_c29 სმ.
500 _aიბეჭდება შოთა რუსთაველის ეროვნული სამეცნიერო ფონდის ფინანსური მხარდაჭერით.
653 _aბაიბურთის ძეგლები
700 _aხუციშვილი, თ.
_eავტორი
_913601
700 _aგოზალიშვილი, ბ.
_eავტორი
_913602
700 _aიმედაშვილი, ანა
_eავტორი
_95234
773 _tნაჩუქარი
942 _2udc
_cBK